000 00462nam a22001577a 4500
003 OSt
005 20151120100029.0
008 151120b xxu||||| |||| 00| 0 eng d
040 _cRUA
082 _aFIS ចាន់ 1995 B157 Or.1
100 _93946
_aចាន់ រតនា
245 _aការថែបំប៉នត្រីទីឡាព្យាក្រហម
260 _aPhnom Penh
_bRUA
_c1995
300 _a55p.
_bill.
_c29cm.
942 _2ddc
_cFIS
999 _c3669
_d3669